000 00355nam a2200133Ia 4500
008 240624s9999 xx 000 0 und d
041 _aeng
082 _a384.6 TAY
100 _aTAYLOR KEN
245 _aFIFTY WAYS TO IMPROVE YOUR TELEPHONING A
260 _c2008
_aOxford
_bSummertown Publishing
300 _aix, : 160 : p. : cm. ; 24
365 _cRS
_b30
999 _c12503
_d12503